000 00556nam a2200181 a 4500
001 000047716
005 20201002060709.0
008 090903s2015 dr 000 0 spa d
020 _a9789945600124
040 _aDO-SdBNP
_bspa
_cBNPHU
082 _axxx
_bF363
100 1 _aFernández Duval, Fernando
_975321
245 1 0 _aCasa de familia /
_cFernando Fernández Duval.
260 _aSanto Domingo, :
_bSantuario,
_c2015.
300 _a71 p. ;
_c24 cm.
500 _aIncluye datos biografícos del autor en las solapas.
590 _aInventariado, 2018/ YL
999 _c47204
_d47204